000 00706nam a22002057a 4500
003 OSt
005 20251128084228.0
008 251128b |||||||| |||| 00| 0 eng d
020 _a971-513-179-4
040 _aDWC-Main Lib
_cOC
082 _22nd edition
_aFil. 610.73 Q6m 2004
100 _aQuiambao, J.
245 _aMastering fundamentals of nursing :
_bconcepts and clinical application
_cQuiambao, Josie U.
250 _a2nd edition
260 _aManila :
_b Educational Publishing House,
_c c2004.
300 _aix, 427 pages ;
_c 26 cm.
504 _aIncludes references
650 _2Nursing
942 _2ddc
_cBK - FIL
_e2nd edition
_hFil. 610.73 Q6m 2004
_kFil.
_n0
999 _c6534
_d6534